000 00278nam a2200109Ia 4500
008 200302s9999 xx 000 0 und d
100 _aAuthor
245 _aDesign Manual for Barrire free Built Environment
260 _bCouncil of Architecture
260 _c2015
300 _a52 P.,
999 _c4985
_d4985